00463 2200181 4500001002100000005001500021008004100036020002200077035001900099041000700118082000800125090001400133100001600147245004500163260003100208300003200239650001000271INLIS00000000000872520241224113710241224||||||||| | ||| |||| || |  a978-979-1479-47-9 0010-1224008725 aid0 a297 a297 YUS r0 aYusuf Dinar00aRahasia Rezeki Agar Selalu Mengejar Anda aJakartabKAYSA MEDIAc2010 a20,5x15 cm, viii, 128 hlm.; 0aAgama